000 00604nam a2200241 a 4500
001 nice12345678
003 IN_TiNIC
005 20260116011617.0
008 050524s1959 mica grp 000 0 eng
020 _a
_c6.5
082 0 0 _a264.1
_bRIN
100 _aRinkker, Rosalind
245 _aPrayer
_b Conversing With God
260 _aMichigan
_bZondervan Publishing House
_c1959
300 _a115p
500 _aincludes index and biblioraphy
505 2 _aSocial Concerns Series No.11
650 _aPrayer
700 1 _aRinkker, Rosalind
902 _bSRS
942 _cBK
999 _c2878
_d2878